00924nam a2200265 a 4500003000900000005001700009008004100026020001800067040002800085041000800113100002700121245010600148250002200254260004100276300004100317490002200358534001600380650003900396650003500435650004000470650004100510650003900551700003900590700002900629CO-ViMGA20230915233129.0140922s2013 sp a jr 000 0dspa d a9789588787541 aCO-ViMGAbspacCO-ViMGA1 hita10aSilei, Fabriziod1967-10aFuera de juego cFabrizio Silei, Maurizio A.C. Quarello ; traducido del italiano por Celia Filipetto. aEdicin̤ especial aBogotábEdiciones Monserratec2015 a[40] pg̀inasbilustraciones c29 cm aLeer es mi cuento tFugorigioco14aCuentos infantiles italianos2LEMB14aFutbol en la literatura 2LEMB14aFutbolistas en la literatura 2LEMB14aLibros ilustrados para niños2LEMB14aLiteratura infantil italiana2LEMB10aFilipetto, Celiad1951-etraductor10aQuarello, Maurizio A. C.